00336 a2200097 4500001001000000005001700010008004100027245009400068100002100162773005500183ART_3092720260410161701.0260409a 10aIntensidad de la competencia y parámetros de conducta en el sector bancario hondureño1 aColoma, Germán0 tEnsayos Económicosg- Nº 70 (jun. 2014)wREV620